000 00307nam a22001337a 4500
008 171023b xxu||||| |||| 00| 0 eng d
020 _a9780131018556
041 _aeng
080 _25TH
_a338
100 _a54
101 _aMO
245 _aPRINCIPLES OF OPERATIONS MANAGEMENT
_cHEIZER,J
942 _2udc
_cBK
999 _c35457
_d35457